000
00224nam a22000857a 4500
008
160704b xxu||||| |||| 00| 0 eng d
100
_9
1939
_a
Mathur, S.S
245
_a
Educational Psychology
260
_a
Agra
_b
Vinod Pustak Mandir
999
_c
1640
_d
1640